| 000 | 01374cam a22003378a 4500 | ||
|---|---|---|---|
| 001 | 15608594 | ||
| 005 | 20090203125716.0 | ||
| 008 | 090202s2010 nju b 001 0 eng | ||
| 010 | _a 2009003565 | ||
| 020 | _a9780138005689 | ||
| 020 | _a0138005680 | ||
| 040 |
_aDLC _cDLC |
||
| 043 | _an-us--- | ||
| 050 | 0 | 0 |
_aHF5549.2.U5 _bM66 2010 |
| 082 | 0 | 0 |
_a658.3 _222 _bMON |
| 100 | 1 |
_aMondy, R. Wayne, _d1940- _99056 |
|
| 245 | 1 | 0 |
_aHuman Resource Management / _cR. Wayne Mondy ; in collaboration with Judy Bandy Mondy. |
| 250 | _a11th ed. | ||
| 260 |
_aBoston : _b Prentice Hall, _cc2010. |
||
| 263 | _a0901 | ||
| 300 |
_axix, 491p.: _bill.; _c24 cm. |
||
| 500 | _a"International Edition" --- Cover | ||
| 504 | _aIncludes bibliographical references and index. | ||
| 650 | 0 |
_aPersonnel management _zUnited States. _99057 |
|
| 650 | 0 |
_aPersonnel management. _99058 |
|
| 700 | 1 |
_aMondy, Judy Bandy. _99059 |
|
| 942 |
_2ddc _cBB |
||
| 999 |
_c12831 _d12831 |
||